000 01012cam a22002054a 4500
005 20250605164017.0
008 250528s ||||||||||||||||||||||||d
035 _a16180
020 _a394549082
040 _aGR-AtMCL
_bgre
_dGR-AtMCL
_eAACR2
245 1 _aComet
260 _bRandom House,
_c1985
300 _a404
520 _aIntroduction, The Nature of Comets, Astride the Comet, Portent, Halley, The Time of the Return, Rogue Comets, Ice, The Anatomy of Comets: A Summary so Far, Poison Gas and Organic Matter, Tails, A Cometary Bestiary, Origins and Fates of the Comets, At the Heart of a Trillion Worlds, Mementos of Creation, The Ghost of Comets Past, Scattered Fires and Shattered Worlds, The Wrath of Heaven: The Great Dying, The Wrath of Heaven: A Modern Myth?, The Enchanted Region, Comets and the Future, A Flotilla Rising, A More of Dust, Appendices, Bibliography, Index.
700 1 _aDruyan Ann
_92236
700 1 _aSagan Carl
_92237
942 _cBK
999 _c1714
_d1714